مكتبة جامعة عجلون الوطنية

فهرس بحث المكتبة

Normal view MARC view
  • مؤتمر نحو بناء نظرية تربوية إسلامية معاصرة عمان - الاردن 2-5 محرم 1411هجري/ 24-27 تموز ( يوليو)1: 1990، تحرير فتحي حسن ملكاوي

Entry Personal Name

Number of records used in: 1

001 - CONTROL NUMBER

  • control field: 52295

003 - CONTROL NUMBER IDENTIFIER

  • control field: JO-AjAnu

005 - DATE AND TIME OF LATEST TRANSACTION

  • control field: 20230606082610.0

008 - FIXED-LENGTH DATA ELEMENTS

  • fixed length control field: 230606|| aca||aabn | a|a d

040 ## - CATALOGING SOURCE

  • Original cataloging agency: JO-AjAnu
  • Transcribing agency: JO-AjAnu

100 ## - HEADING--PERSONAL NAME

  • Personal name: مؤتمر نحو بناء نظرية تربوية إسلامية معاصرة عمان - الاردن 2-5 محرم 1411هجري/ 24-27 تموز ( يوليو)1: 1990، تحرير فتحي حسن ملكاوي

670 ## - SOURCE DATA FOUND

  • Source citation: Work cat.: (JO-AjAnu)26725: مؤتمر نحو بناء نظرية تربوية إسلامية معاصرة عمان - الاردن 2-5 محرم 1411هجري/ 24-27 تموز ( يوليو)1: 1990، تحرير فتحي حسن ملكاوي, author, بحوث المؤتمر التربوي: مؤتمر نحو بناء نظرية تربوية إسلامية معاصرة عمان - الاردن 2-5 محرم 1411هجري / 24-27 تموز ( يوليو) 1990م ، الجزء الثاني